Normal view MARC view
  • Ann Lefcourt

Entry Personal Name

Number of records used in: 2

001 - CONTROL NUMBER

  • control field: 4824

003 - CONTROL NUMBER IDENTIFIER

  • control field: OSt

005 - DATE AND TIME OF LATEST TRANSACTION

  • control field: 20170516091320.0

008 - FIXED-LENGTH DATA ELEMENTS

  • fixed length control field: 170516|| aca||aabn | a|a d

040 ## - CATALOGING SOURCE

  • Original cataloging agency: OSt
  • Transcribing agency: OSt

100 ## - HEADING--PERSONAL NAME

  • Personal name: Ann Lefcourt

670 ## - SOURCE DATA FOUND

  • Source citation: Work cat.: (OSt): David A. Conlin 4810, Our Language Today, 1978
Pusat Sumber Maklumat Dato' Haji Sarmin Md Hussin, Akademi Kastam Diraja Malaysia, Melaka
Tel: 06-2331106 | Faks: 06-2313787